| 000 | 00472nam a22001817a 4500 | ||
|---|---|---|---|
| 003 | OSt | ||
| 005 | 20180116183048.0 | ||
| 008 | 160725b xxu||||| |||| 00| 0 eng d | ||
| 020 | _a9788173661976 | ||
| 040 | _c0 | ||
| 082 | _a005.133 ROB 2001 | ||
| 100 | _aSimon Robinson | ||
| 245 |
_aProfessional C# _bProgrammer to Programmer _cSimon Robinson |
||
| 260 |
_aUSA _bWoox Press Ltd. _c2001 |
||
| 300 |
_a1311 p. _bPB |
||
| 440 | _aProfessional C# | ||
| 942 |
_2ddc _cBK |
||
| 999 |
_c351530 _d351530 |
||